000 01299nam a2200373Ia 4500
001 dia_4994
003 CHAP
005 20251023173311.0
008 220117s2006 xx 000 0 und d
010 _a175811
020 _a84-234-2391-3
040 _cCHAP
082 _a658.4092 C53 2006
245 _aLas claves del liderazgo : los pensadores más brillantes de hoy escriben para los directores de mañana /
_c [prólogo Thomas G. Cummings, Gretchen M. Spreitzer ; traducción Rafael Jiménez Larrea]
260 _aEspaña :
_b Deusto,
_c2006
300 _a328 p.
440 _aLíderes del management
_9157240
500 _aTítulo original: The future of leadership
503 _aI. 233778 \ I. 233779
504 _aBibliografía: p. 301-307
590 _aHD57.7 C53 2006
650 _aAdministración
_9918
650 _aEfectividad organizacional
_9130922
650 _aLeadership
_9153967
650 _aLiderazgo
_966721
650 _aManagement
_9149975
700 _aCummings, Thomas G., prol.
_9157267
700 _aJiménez Larrea, Rafael, tr.
_9157268
700 _aSpreitzer, Gretchen M., prol.
_9157269
901 _a658.4092 C53 2006
902 _aA
905 _a5222272006 sp x 8222223322spa16
942 _cLIBRO
_2ddc
999 _c175811
_d175811